Countries by Official Name #1 - Statistics

General Stats
  • This quiz has been taken 1,920 times
  • The average score is 13 of 17
Answer Stats
Official Name English Name % Correct
Koninkrijk der Nederlanden Netherlands
98%
Rzeczpospolita Polska Poland
98%
Koninkrijk België Belgium
97%
Bundesrepublik Deutschland Germany
97%
Republika Srbija Serbia
97%
Ripablik blong Vanuatu Vanuatu
94%
Ísland Iceland
90%
Schweizerische Eidgenossenschaft Switzerland
89%
Lietuvos Respublika Lithuania
86%
Éire Ireland
85%
al-Mamlakah al-‘Arabīyah as-Su‘ūdīyah Saudi-Arabia
77%
Nihon-koku Japan
71%
Republika Hrvatska Croatia
62%
Elliniki Dimokratia Greece
57%
Eesti Vabariik Estonia
52%
Bhārat Gaṇarājya India
44%
Al-Mamlakah Al-Urdaniyyah Al-Hashimiyyah Jordan
35%
No matching quizzes found
Score Distribution
Percent of People with Each Score
Percentile by Number Answered
Your Score History
You have not taken this quiz